La historia del petróleo (Registro nro. 2361)

Detalles MARC
000 -ENCABEZADO
Número de control [NR] 00967nam a2200241Ia 4500
008 - DE LONGITUD FIJA DE DATOS DE ELEMENTOS - INFORMACIÓN GENERAL
Elementos de longitud fija [NR] 130821s1992 ag ao gr spa
020 ## - NUMERO INTERNACIONAL NORMALIZADO PARA LIBROS [R]
Número Internacional Normalizado del libro [NR] 9501511197
040 ## - FUENTE DE CATALOGACION [NR]
Agencia de catalogación original [NR] Co-BoUCM
Idioma de catalogación [NR] spa
041 ## - CODIGO DE IDIOMA [R]
Código de idioma para texto/pista de sonido o título separado [R] Español
100 1# - ASIENTO PRINCIPAL--NOMBRE PERSONAL [NR]
Nombre personal [NR] Yergin, Daniel
245 13 - MENCION DE TITULO [NR]
Título [NR] La historia del petróleo
Mención de responsabilidad, etc. [NR] Daniel Yergin ; traducción María Elena Aparicio Aldazabal.
246 04 - FORMA VARIANTE DEL TITULO [R]
Título propiamente dicho/forma breve del título [NR] La historia del petróleo
Parte restante del título [NR] la lucha voraz por el dinero y el poder desde 1853 hasta la guerra del golfo.
260 ## - PUBLICACION, DISTRIBUCION, ETC. (PIE DE IMPRENTA) [R]
Lugar de publicación, distribución, etc. [R] Buenos Aires (Argentina)
Nombre del editor, distribuidor, etc. [R] Javier Vergara Editor
Fecha de publicación, distribución, etc. [R] 1992
300 ## - DESCRIPCION FISICA [R]
Extensión [R] 1227 páginas
Otros detalles físicos [NR] ilustraciones, fotografías
500 ## - NOTA GENERAL [R]
Nota general [NR] El ejemplar No.2 es donación UCM-C-ARRAAYNES
504 ## - NOTA DE BIBLIOGRAFIA, ETC. [R]
Nota de bibliografía, etc. [NR]
586 ## - NOTA DE PREMIOS [R]
Nota de premios [NR] Premio Pulitzer, 1992.
650 04 - ASIENTO SECUNDARIO DE MATERIA - TERMINO TEMATICO [R]
Término temático o nombre geográfico como elemento de entrada [NR] Industria del petróleo
9 (RLIN) 7729
650 04 - ASIENTO SECUNDARIO DE MATERIA - TERMINO TEMATICO [R]
Término temático o nombre geográfico como elemento de entrada [NR] Petróleo
Subdivisión general [R] Historia
9 (RLIN) 21479
700 1# - ASIENTO SECUNDARIO - NOMBRE PERSONAL [R]
Nombre personal [NR] Aparicio Aldazabal, María Elena
Término de relación [R]
942 ## - ELEMENTOS DE ENTRADA AGREGADOS (KOHA)
Tipo de ítem principal el descrito en 300a Libro
Tema principal Sociología
Edición 1
Parte restante de la signatura top. Y474h
Sistema de clasificación DEWEY
Clasificación 333.82309
Existencias
Fecha de último préstamo Total préstamos Total Renewals Signatura topográfica Código de barras Última vez visto Ejemplar Price effective from Tipo de ítem Perdido Sistema de clasificación Dañado No prestable Tipo de ítem específico Suprimido Ubicación habitual Ubicación actual Localización Fecha de creación Forma de adquisición Costo
02/03/2019 9 2 333.82309 Y474h 100117662 04/12/2025 Ej.2 03/02/2013 Libro   DEWEY     Libro   Claustro Claustro Mezanine 28/02/2011 Donación 26000.00
13/06/2022 23 2 333.82309 Y474h 100033717 04/12/2025 Ej.1 03/02/2013 Libro   DEWEY     Libro   Claustro Claustro Mezanine 28/02/2003 Compra 35100.00